Chamava-se Luís (Registo nº 5928)
[ vista simples ]
| 000 -Etiqueta do registo | |
|---|---|
| Valores | 01247cam a2200241 4500 |
| 010 ## - Número ISBN | |
| ISBN | 9724303209 |
| 021 ## - Número do Depósito Legal | |
| Número | 130704/98 |
| 100 ## - Dados gerais de processamento | |
| Dados gerais | 20211231d1999 me y0pory5003 ba |
| 200 1# - Titulo e menção de responsabilidade | |
| Título próprio | Chamava-se Luís |
| Primeira menção de responsabilidade | Marina Mayoral |
| Outras menções de responsabilidade | trad. Margarida Machado |
| 210 #9 - Publicação | |
| Local de publicação | Porto |
| Nome do editor | Ambar |
| Data de publicação | 1999 |
| 215 ## - Descrição física | |
| Paginação / Volumes | 157 p. |
| 225 2# - Colecção | |
| Título próprio da colecção | Quarto crescente |
| 304 ## - Nota relativa ao título | |
| Texto de nota | Tít. orig.: Chamábase Luís |
| 330 ## - Sumário ou Resumo | |
| Texto da nota | Luís era um toxicodependente de uma família modesta. Morreu aos trinta anos.<br/>Quando o coveiro acabou de colocar a laje na sua campa, um cortejo de personagens começa a desfilar perante o leitor, dando-nos a sua vidão do protagonista.<br/>O resultado é um relato que não faz concessões, em que o amor e o ódio se expressam sem passar pelo filtro do narrador.<br/>Marina Mayoral propõe um tem duro e desenvolve-o em toda a sua complexidade, de forma séria e rigorosa. O romance transmite, a cada momento, uma sensação de realidade vivida que consegue manter o leitor suspenso até ao fim |
| 606 ## - Nome comum usado como assunto | |
| ID Autoridade | 13 |
| Palavra de ordem | Literatura Estrangeira |
| 675 ## - CDU | |
| Notação | 821.1/.8 |
| Edição | BN |
| Língua | por |
| 700 ## - Autor principal (pessoa individual) | |
| Apelido | Mayoral |
| Nome | Marina |
| Datas | 1942- |
| ID Autoridade | 5615 |
| 702 ## - Autor secundário (pessoa individual) | |
| Apelido | Machado |
| Nome | Margarida |
| ID Autoridade | 4424 |
| 801 ## - Fonte de origem | |
| País | PT |
| Agência | BMVN |
| Regras de catalogação | RPC |
| 830 ## - Notas gerais do catalogador | |
| Criado por | Tânia Croca |
| Data de criação | 31/12/2021 |
| 990 ## - Elementos KOHA | |
| Tipo de documento | Livro |
| Situação do levantamento | Biblioteca de origem | Código de barras | Cota | Permissão de empréstimo | Tipo de documento | Forma de aquisição |
|---|---|---|---|---|---|---|
| Biblioteca Municipal de Vendas Novas | 100000024084 | LE MAY/CHA | Livro |